| 000 | 00000nam##2200000za#4500 |
| 001 | 9.566394 |
| 003 | CaOODSP |
| 005 | 20210624180252 |
| 007 | cr ||||||||||| |
| 008 | 150406|2004||||xxc|||||o f|0| 0 eng|d |
| 040 | |aCaOODSP|beng |
| 043 | |an-cn--- |
| 086 | 1 |aTU3-5/04-45E-PDF |
| 110 | 2 |aTransportation Safety Board of Canada. |
| 245 | 10|aCollision with terrain - Atlantic Aviation Academy Inc. Piper PA-28-140 Cherokee C-FYKS, St. John's, Newfoundland and Labrador 10 nm SW, 05 December 2004 |h[electronic resource] |
| 260 | |aGatineau - Quebec : |bTransportation Safety Board of Canada |c[2005]. |
| 300 | |a6p.|bfig., references |
| 490 | 1 |aAviation investigation report |vA04A0148 |
| 590 | |a10-05-Supp|b2010-07-20 |
| 690 | 07|aAircraft accidents|2gcpds |
| 775 | 08|tCollision avec le relief du Piper PA-28-140 Cherokee C-FYKS exploité par Atlantic Aviation Academy Inc. à 10 nm au sud-ouest de St. John's (Terre-Neuve-et-Labrador), le 5 décembre 2004 |w(CaOODSP)9.597897 |
| 830 | #0|aAviation investigation report ;|vA04A0148|w(CaOODSP)9.504825 |
| 856 | 40|ahttp://publications.gc.ca|qPDF|s131 KB|uhttps://publications.gc.ca/collections/collection_2009/bst-tsb/TU3-5-04-45E.pdf|yA04A0148 |